000
00236nam a22001097a 4500
082
_a
539.7 GRE'N
100
_a
GREEN, A.E.S
_9
59673
245
_a
NUCLEAR PHYSICS
260
_a
NEWYORK
_b
MCGRAW HILL
_c
1955
300
_a
535P
942
_c
BK
999
_c
569594
_d
569594